| 000 | 00532ntaaa2200193 4500 | ||
|---|---|---|---|
| 003 | 01 | ||
| 005 | 20251027201639.0 | ||
| 008 | 0714s1973 ag 01 | ||
| 040 |
_aAR-BaBN _bspa _cAR-BaBN _eaacr _dRIC |
||
| 082 | _a232.0000 W58d | ||
| 100 | _aWhite, Elena G. de | ||
| 245 | _aEl deseado de todas las gentes | ||
| 250 | _a1 ed. | ||
| 260 |
_aBuenos Aires : _bAsociacion Cama Editora Sudamericana, _c1976 |
||
| 300 |
_a812 p ; _c17 cm |
||
| 650 | _aJesucristo | ||
| 650 |
_aAdventismo del septimo dia-teologĂa _915183 |
||
| 942 | _cBK | ||
| 999 |
_c11173 _d11173 |
||